[Event "Buenos Aires Benko Memorial op"]
[Site "Buenos Aires"]
[Date "2010.02.15"]
[Round "3"]
[White "Samur, Arturo"]
[Black "Filgueira, Hernan"]
[Result "1/2-1/2"]
[WhiteElo "2139"]
[BlackElo "2355"]
[PlyCount "60"]
[EventDate "2010.02.08"]
[EventType "swiss"]
[EventRounds "9"]
[EventCountry "ARG"]
[SourceTitle "CBM 135 Extra"]
[Source "ChessBase"]
[SourceDate "2010.05.04"]
[SourceVersion "1"]
[SourceVersionDate "2010.05.04"]
[SourceQuality "1"]

1. e4 c5 2. Nf3 d6 3. d4 cxd4 4. Qxd4 a6 5. Be3 Nf6 6. Nc3 Ng4 7. Bg5 Nc6 8. Qd2 f6 9. Bh4 e6 10. Bg3 Nh6 11. Be2 Be7 12. 0-0 0-0 13. Nd4 Qb6 14. Nb3 Qc7 15. a4 b6 16. Rfd1 Nf7 17. Qe1 Nb4 18. Rac1 Bd7 19. f4 Rfe8 20. Kh1 Bf8 21. Qf1 g6 22. Nd4 f5 23. Bc4 Bg7 24. Bb3 fxe4 25. Nxe4 Qb7 26. Ng5 Nxg5 27. fxg5 d5 28. Qe1 Nc6 29. Nxc6 Bxc6 30. Be5 Rad8 1/2-1/2

[Event "Pinamar IRT Orosco"]
[Site "Pinamar"]
[Date "2005.03.12"]
[Round "5"]
[White "Romero, Fabian"]
[Black "Samur, Arturo"]
[Result "0-1"]
[WhiteElo "2022"]
[BlackElo "2164"]
[PlyCount "80"]
[EventDate "2005.03.08"]
[EventType "tourn"]
[EventRounds "11"]
[EventCountry "ARG"]
[SourceTitle "CBM 105 Extra"]
[Source "ChessBase"]
[SourceDate "2005.05.01"]
[SourceVersion "1"]
[SourceVersionDate "2005.05.01"]
[SourceQuality "1"]

1. e4 c6 2. d4 d5 3. exd5 cxd5 4. Bd3 Nc6 5. c3 Nf6 6. Nf3 Bg4 7. h3 Bh5 8. g4 Bg6 9. Bb5 Nd7 10. Qa4 Qc7 11. 0-0 e6 12. Bg5 h6 13. Bh4 Bd6 14. c4 Nb6 15. Qd1 dxc4 16. Nbd2 Bd3 17. Re1 0-0 18. Ne4 Bf4 19. g5 Nd5 20. gxh6 Bxh6 21. Bxc6 bxc6 22. Ne5 Bf4 23. Nxd3 cxd3 24. Qxd3 Bh2+ 25. Kh1 Nf4 26. Qf3 Ng6 27. Rg1 Qf4 28. Qxf4 Bxf4 29. Rg4 Bh6 30. Rag1 Kh8 31. Bg3 Ne7 32. Bd6 Rfe8 33. Ng5 Kg8 34. Ne4 Nd5 35. Be5 g6 36. h4 Bg7 37. h5 Bxe5 38. hxg6 f5 39. Rg5 Bf4 40. Rh5 fxe4 0-1

[Event "Pinamar IRT Orosco"]
[Site "Pinamar"]
[Date "2005.03.11"]
[Round "4"]
[White "Samur, Arturo"]
[Black "Hobaica, Juan Pablo"]
[Result "0-1"]
[WhiteElo "2164"]
[BlackElo "2312"]
[PlyCount "70"]
[EventDate "2005.03.08"]
[EventType "tourn"]
[EventRounds "11"]
[EventCountry "ARG"]
[SourceTitle "CBM 105 Extra"]
[Source "ChessBase"]
[SourceDate "2005.05.01"]
[SourceVersion "1"]
[SourceVersionDate "2005.05.01"]
[SourceQuality "1"]

1. d4 Nf6 2. Nf3 g6 3. Bg5 Bg7 4. Nbd2 c5 5. c3 d5 6. e3 Qb6 7. Qb3 Nc6 8. Qxb6 axb6 9. Bb5 Bd7 10. 0-0 0-0 11. a4 c4 12. Ne5 Be8 13. e4 e6 14. exd5 exd5 15. Rfe1 h6 16. Bxf6 Bxf6 17. Ng4 Kg7 18. b3 cxb3 19. Nxb3 Rc8 20. Rac1 Bg5 21. Rcd1 Bd7 22. Ne3 Be6 23. g3 Na7 24. Rc1 Nxb5 25. axb5 Bxe3 26. Rxe3 Rc4 27. Ra1 Rfc8 28. Ra7 Rxc3 29. Kg2 Rxe3 30. fxe3 Rc3 31. Na1 Rxe3 32. Rxb7 Ra3 33. Rxb6 Rxa1 34. Rd6 Rb1 35. b6 Kf6 0-1

[Event "Pinamar IRT Orosco"]
[Site "Pinamar"]
[Date "2005.03.10"]
[Round "3"]
[White "Ferrufino, Boris"]
[Black "Samur, Arturo"]
[Result "1-0"]
[WhiteElo "2225"]
[BlackElo "2164"]
[PlyCount "67"]
[EventDate "2005.03.08"]
[EventType "tourn"]
[EventRounds "11"]
[EventCountry "ARG"]
[SourceTitle "CBM 105 Extra"]
[Source "ChessBase"]
[SourceDate "2005.05.01"]
[SourceVersion "1"]
[SourceVersionDate "2005.05.01"]
[SourceQuality "1"]

1. d4 Nf6 2. Nf3 e6 3. e3 d5 4. Bd3 c5 5. c3 Bd6 6. Nbd2 0-0 7. 0-0 Nc6 8. dxc5 Bxc5 9. e4 e5 10. Qe2 Bg4 11. exd5 Nxd5 12. Ne4 Be7 13. Rd1 Qc7 14. Bc4 Nf4 15. Bxf4 exf4 16. h3 Bh5 17. Rd5 Bg6 18. Rad1 Rad8 19. Nd4 Rxd5 20. Bxd5 Rd8 21. Qc4 Qe5 22. Bxc6 bxc6 23. Re1 Bf8 24. Nxc6 Qc7 25. b4 f3 26. g3 Kh8 27. Ng5 h6 28. Nxf3 Bd3 29. Qh4 Rc8 30. Nfd4 Qb6 31. a4 g5 32. Qh5 Rxc6 33. Nxc6 Qxc6 34. Qxf7 1-0

[Event "Metropolitano Superior op"]
[Site "Buenos Aires"]
[Date "2002.06.29"]
[Round "3.1"]
[White "Quarracino, Carlos"]
[Black "Samur, Arturo"]
[Result "0-1"]
[WhiteElo "2232"]
[BlackElo "2215"]
[PlyCount "58"]
[EventDate "2002.06.24"]
[EventType "swiss"]
[EventRounds "7"]
[EventCountry "ARG"]
[SourceTitle "CBM 089 Extra"]
[Source "ChessBase"]
[SourceDate "2002.09.10"]
[SourceVersion "2"]
[SourceVersionDate "2002.09.10"]
[SourceQuality "1"]

1. e4 c5 2. Nf3 Nc6 3. d4 cxd4 4. Nxd4 Qb6 5. Nb3 Nf6 6. Nc3 e6 7. Bg5 Be7 8. Qd2 a6 9. 0-0-0 Qc7 10. f4 d6 11. Be2 b5 12. Bxf6 gxf6 13. a3 Rb8 14. Rhf1 b4 15. axb4 Nxb4 16. f5 h5 17. fxe6 Bxe6 18. Nd5 Bxd5 19. exd5 Qd7 20. Rf4 a5 21. Re4 f5 22. Qd4 Rg8 23. Re3 Rc8 24. Qb6 Kf8 25. Bb5 Rxc2+ 26. Kb1 Qc8 27. Qxa5 Rgxg2 28. Nd2 Rcxd2 29. Rxd2 Rg1+ 0-1

[Event "Najdorf Memorial op"]
[Site "Buenos Aires"]
[Date "2001.07.26"]
[Round "3.7"]
[White "Hase, Juan Carlos"]
[Black "Samur, Arturo"]
[Result "1/2-1/2"]
[WhiteElo "2359"]
[BlackElo "2212"]
[PlyCount "57"]
[EventDate "2001.07.??"]
[EventType "swiss"]
[EventRounds "9"]
[EventCountry "ARG"]
[SourceTitle "EXT 2002"]
[Source "ChessBase"]
[SourceDate "2001.11.25"]
[SourceVersion "1"]
[SourceVersionDate "2001.11.25"]
[SourceQuality "1"]

1. e4 c5 2. Nf3 Nc6 3. d4 cxd4 4. Nxd4 e6 5. Nc3 a6 6. Be3 Qc7 7. f4 Bb4 8. Nxc6 Qxc6 9. Qd4 Bxc3+ 10. bxc3 Nf6 11. e5 Nd5 12. Bd2 b5 13. c4 bxc4 14. Qxc4 Qxc4 15. Bxc4 Bb7 16. Rb1 Bc6 17. Bxa6 0-0 18. Bc4 Ra4 19. Bb3 Re4+ 20. Kf2 Nxf4 21. Rhe1 Rxe1 22. Rxe1 Nxg2 23. Ra1 f6 24. Bb4 Rf7 25. exf6 Rxf6+ 26. Ke2 Nf4+ 27. Kd2 Nd5 28. Bd6 Rf3 29. Bxd5 1/2-1/2

[Event "ARG-ch sf"]
[Site "Buenos Aires"]
[Date "2001.??.??"]
[Round "6"]
[White "Pesuto, Ivan"]
[Black "Samur, Arturo"]
[Result "0-1"]
[WhiteElo "2133"]
[BlackElo "2212"]
[PlyCount "72"]
[EventDate "2001.09.10"]
[EventType "swiss"]
[EventRounds "8"]
[EventCountry "ARG"]
[SourceTitle "EXT 2002"]
[Source "ChessBase"]
[SourceDate "2001.11.25"]
[SourceVersion "1"]
[SourceVersionDate "2001.11.25"]
[SourceQuality "1"]

1. d4 Nf6 2. c4 e6 3. Nf3 b6 4. g3 Ba6 5. Qb3 c5 6. d5 exd5 7. cxd5 Bb7 8. Nc3 Be7 9. Bg2 0-0 10. 0-0 Na6 11. Nd2 d6 12. e4 Nd7 13. Nc4 Nb4 14. e5 Ba6 15. exd6 Bf6 16. f4 Re8 17. Kh1 b5 18. Nd2 Nd3 19. Nxb5 Rb8 20. a4 Ne1 21. Be4 c4 22. Qxc4 Rc8 23. Qa2 Nc2 24. Rb1 Qa5 25. Qb3 Nd4 26. Nxd4 Bxd4 27. Bd3 Nc5 28. d7 Nxb3 29. dxe8Q+ Rxe8 30. Bb5 Nxd2 31. Bxd2 Qxd2 32. Rfd1 Qf2 33. Rf1 Qc2 34. Rbc1 Re1 35. Rcxe1 Bxb5 36. axb5 h5 0-1

[Event "Buenos Aires Najdorf qual"]
[Site "Buenos Aires"]
[Date "1992.??.??"]
[Round "8"]
[White "Dotta, Juan Carlos"]
[Black "Samur, Arturo"]
[Result "1/2-1/2"]
[WhiteElo "2280"]
[BlackElo "2305"]
[PlyCount "125"]
[EventDate "1992.??.??"]
[EventType "swiss"]
[EventRounds "11"]
[EventCountry "ARG"]
[SourceTitle "EXT 1997"]
[Source "ChessBase"]
[SourceDate "1996.11.15"]
[SourceVersion "1"]
[SourceVersionDate "1996.11.15"]
[SourceQuality "1"]

1. e4 e6 2. Nf3 d5 3. Nc3 Nf6 4. exd5 exd5 5. d4 Bg4 6. h3 Bh5 7. Be2 Bb4 8. 0-0 0-0 9. Bg5 Bxc3 10. bxc3 Qd6 11. Bxf6 Qxf6 12. Ne5 Bxe2 13. Qxe2 Qd6 14. Rfe1 f6 15. Nd3 Nc6 16. Qe6+ Qxe6 17. Rxe6 Kf7 18. Re3 Rae8 19. Rb1 Nd8 20. Nc5 b6 21. Na6 Rxe3 22. fxe3 c6 23. a4 Nb7 24. Nb4 Na5 25. Kf2 Re8 26. Re1 Re6 27. Nd3 Nc4 28. Re2 g6 29. Kf3 Ke8 30. g4 Kd7 31. h4 Nd6 32. a5 Ne4 33. axb6 axb6 34. Re1 Nxc3 35. Ra1 Re7 36. g5 fxg5 37. Ne5+ Kd6 38. hxg5 Ne4 39. Kf4 c5 40. Ra6 Rb7 41. c4 Nd2 42. cxd5 Kxd5 43. Ra2 Ne4 44. Ra8 cxd4 45. Rd8+ Nd6 46. exd4 b5 47. Nd3 Rb6 48. Ke3 Ke6 49. Rh8 b4 50. Rxh7 Kf5 51. Rd7 b3 52. Nb2 Kxg5 53. d5 Kf5 54. Kd4 Nb7 55. Rf7+ Kg4 56. Rf1 Nd6 57. Ke5 Nf5 58. Rf4+ Kg5 59. Rf3 Kg4 60. Rf4+ Kg3 61. Rc4 Nd6 62. Rc6 Rxc6 63. dxc6 1/2-1/2

[Event "Buenos Aires Najdorf qual"]
[Site "Buenos Aires"]
[Date "1992.??.??"]
[Round "6"]
[White "Ippoliti, Horacio Alberto"]
[Black "Samur, Arturo"]
[Result "1-0"]
[WhiteElo "2035"]
[BlackElo "2305"]
[PlyCount "103"]
[EventDate "1992.??.??"]
[EventType "swiss"]
[EventRounds "11"]
[EventCountry "ARG"]
[SourceTitle "EXT 1997"]
[Source "ChessBase"]
[SourceDate "1996.11.15"]
[SourceVersion "1"]
[SourceVersionDate "1996.11.15"]
[SourceQuality "1"]

1. d4 Nf6 2. Nc3 d6 3. e4 c6 4. Nf3 Bg4 5. h3 Bh5 6. Bg5 Qa5 7. Bxf6 gxf6 8. g4 Bg6 9. Bd3 h5 10. Rg1 hxg4 11. hxg4 Na6 12. Qe2 Nb4 13. Nd2 Bh6 14. Nc4 Qc7 15. a3 Nxd3+ 16. cxd3 b5 17. Ne3 Qb6 18. d5 Rc8 19. dxc6 Rxc6 20. Ned5 Qc5 21. Rd1 a6 22. d4 Qc4 23. Qxc4 Rxc4 24. f4 e6 25. Nxf6+ Ke7 26. g5 Bg7 27. f5 exf5 28. Ncd5+ Kd8 29. exf5 Bxf5 30. Ne3 Bxf6 31. gxf6 Bc2 32. Rd2 Be4 33. Nxc4 bxc4 34. Re2 Rh4 35. Kd2 Kd7 36. Rge1 d5 37. Rf2 Bg6 38. Kc3 a5 39. Re3 Rh1 40. Kd2 Rb1 41. Re7+ Kc6 42. Ke3 Rd1 43. Rf4 Rb1 44. Rf2 Rd1 45. Ra7 Kb6 46. Ra8 Rd3+ 47. Kf4 Rxd4+ 48. Ke5 Rd1 49. Kd6 d4 50. Re2 Kb5 51. Ree8 c3 52. b3 1-0

[Event "Buenos Aires Najdorf qual"]
[Site "Buenos Aires"]
[Date "1992.??.??"]
[Round "2"]
[White "Rivero, Jose Luis"]
[Black "Samur, Arturo"]
[Result "0-1"]
[WhiteElo "2215"]
[BlackElo "2305"]
[PlyCount "122"]
[EventDate "1992.??.??"]
[EventType "swiss"]
[EventRounds "11"]
[EventCountry "ARG"]
[SourceTitle "EXT 1997"]
[Source "ChessBase"]
[SourceDate "1996.11.15"]
[SourceVersion "1"]
[SourceVersionDate "1996.11.15"]
[SourceQuality "1"]

1. Nf3 c5 2. c4 g6 3. g3 Bg7 4. Bg2 Nc6 5. 0-0 e6 6. Nc3 Nge7 7. Rb1 0-0 8. Ne1 d5 9. b3 dxc4 10. Na4 cxb3 11. axb3 b6 12. Nc2 Bb7 13. d3 Qd7 14. Bd2 Rfd8 15. b4 Nxb4 16. Bxb7 Qxb7 17. Nxb4 cxb4 18. Bxb4 Nc6 19. Bc3 Nd4 20. Nc5 Qc6 21. Bxd4 Bxd4 22. Ne4 Rdc8 23. Qd2 Qd5 24. Rfc1 Qd8 25. Qf4 f5 26. Ng5 e5 27. Qd2 Qd5 28. e4 Qa5 29. Qe2 Qa3 30. Rxc8+ Rxc8 31. exf5 Rc1+ 32. Rxc1 Qxc1+ 33. Kg2 Qxg5 34. fxg6 Qxg6 35. Qa2+ Kh8 36. Qxa7 Qc6+ 37. f3 Qc2+ 38. Kh3 Qxd3 39. Qb8+ Kg7 40. Qc7+ Kh6 41. Qd6+ Qg6 42. Qf8+ Kg5 43. f4+ Kh5 44. Qc8 exf4 45. g4+ Kg5 46. Qd8+ Bf6 47. Qd5+ Kh6 48. Qd6 Bg5 49. Qf8+ Qg7 50. Qb4 Qf6 51. Qe1 Qe7 52. Qe4 Qa3+ 53. Kg2 Qb2+ 54. Kh3 Qc3+ 55. Kg2 Qd2+ 56. Kf1 Qd1+ 57. Kf2 Bh4+ 58. Kg2 Qxg4+ 59. Kh1 Qd1+ 60. Kg2 Qd2+ 61. Kh3 Qe3+ 0-1

[Event "Buenos Aires GEBA-B"]
[Site "Buenos Aires"]
[Date "1991.??.??"]
[Round "1"]
[White "Giaccio, Alfredo Gustavo"]
[Black "Samur, Arturo"]
[Result "1/2-1/2"]
[WhiteElo "2325"]
[BlackElo "2305"]
[PlyCount "40"]
[EventDate "1991.??.??"]
[EventType "tourn"]
[EventRounds "9"]
[EventCountry "ARG"]
[EventCategory "3"]
[SourceTitle "EXT 2004"]
[Source "ChessBase"]
[SourceDate "2003.11.25"]
[SourceVersion "1"]
[SourceVersionDate "2003.11.25"]
[SourceQuality "1"]

1. d4 Nf6 2. Nf3 c5 3. d5 g6 4. c4 Bg7 5. Nc3 d6 6. g3 0-0 7. Bg2 e5 8. 0-0 Ne8 9. a3 f5 10. Ng5 Qe7 11. Qb3 Na6 12. Ne6 Rf7 13. Bg5 Bf6 14. Bxf6 Qxf6 15. e4 f4 16. gxf4 exf4 17. e5 Qxe5 18. Rfe1 Qf6 19. Ne4 Qh4 20. N6g5 Rf5 1/2-1/2